000 00525cam a22002171 4500
001 sa 65007011
003 DLC
005 20260227112146.0
008 900119s1964 ii 000 1 telo
010 _asa 65007011
035 _a(OCoLC)20928263
040 _aDLC
_cWaU
_dDLC
042 _apremarc
050 0 0 _aPL4780.8
_b.J3
100 1 _aJanārdanareḍḍi, Tāṇḍra.
245 1 0 _aGaḍḍipūlu.
260 _c[1964]
300 _a151 p.
_c18 cm.
500 _aIn Telugu.
650 0 _aShort stories, Telugu.
999 _c64997
_d64997